000 00798cam a22002773a 4500
001 14646
003 PGUSA
005 20140828083319.0
008 050110s2005||||xxu|||||s|||||000 1 eng d
040 _aPGUSA
_beng
042 _adc
050 4 _aPR
100 1 _aVon Arnim, Elizabeth,
_d1866-1941
245 1 0 _aChristopher and Columbus
_h[electronic resource] /
_cElizabeth Von Arnim
260 _bProject Gutenberg,
_c2005
506 _aPublic domain in the USA.
516 _aElectronic text
653 _aYoung women -- Fiction
653 _aTwins -- Fiction
653 _aSisters -- Fiction
653 _aGermans -- Foreign countries -- Fiction
700 1 _aLitle, Arthur
830 0 _aProject Gutenberg
_v14646
856 4 0 _uhttp://www.gutenberg.org/ebooks/14646
942 _cEB
999 _c243901
_d243901